000 00549nam a2200181Ia 4500
999 _c2792
_d2792
003 OSt
005 20200819130701.0
008 190216s9999||||xx |||||||||||||| ||und||
040 _coclc
082 _a541.3
_bPUR/P
100 _aPuri, B R
_94153
245 0 _aPrinciples Of Physical Chemistry /
_cB R Puri ; L R Sharma ; M S Pathania
250 _a37th Ed.
260 _bShobhan Lal Nagin Chand & Co,
_c2000.
_aJalandhar:
300 _a1359p
650 _aChemistry-Chemistry
942 _cBK
_2ddc
_h541.3
_iPUR/P
_k541.3
_mPUR/P